<?xml version="1.0" encoding="UTF-8"?>
<record
    xmlns:xsi="http://www.w3.org/2001/XMLSchema-instance"
    xsi:schemaLocation="http://www.loc.gov/MARC21/slim http://www.loc.gov/standards/marcxml/schema/MARC21slim.xsd"
    xmlns="http://www.loc.gov/MARC21/slim">

  <leader>01243nam a22002777a 4500</leader>
  <controlfield tag="001">BRCA_9182</controlfield>
  <controlfield tag="003">FranzMayer</controlfield>
  <controlfield tag="005">20220809125252.0</controlfield>
  <controlfield tag="008">220701b        |||||||| |||| 00| 0 spa d</controlfield>
  <datafield tag="020" ind1=" " ind2=" ">
    <subfield code="a">9786077985334</subfield>
  </datafield>
  <datafield tag="040" ind1=" " ind2=" ">
    <subfield code="c">MFM</subfield>
  </datafield>
  <datafield tag="041" ind1=" " ind2=" ">
    <subfield code="a">spa</subfield>
  </datafield>
  <datafield tag="050" ind1=" " ind2=" ">
    <subfield code="a">NK1525.55 P67</subfield>
    <subfield code="b">V53 2020 v.12</subfield>
  </datafield>
  <datafield tag="245" ind1=" " ind2=" ">
    <subfield code="a">La vida en el arte : </subfield>
    <subfield code="b">Escritos de Clara Porset / </subfield>
    <subfield code="c">Ana Elena Mallet ed.</subfield>
  </datafield>
  <datafield tag="260" ind1=" " ind2=" ">
    <subfield code="a">Ciudad de M&#xE9;xico</subfield>
    <subfield code="b">Alias</subfield>
    <subfield code="c">2020</subfield>
  </datafield>
  <datafield tag="300" ind1=" " ind2=" ">
    <subfield code="a">332 p. :</subfield>
    <subfield code="b">il. ; </subfield>
    <subfield code="c">14 x 21.5 cm.</subfield>
  </datafield>
  <datafield tag="490" ind1=" " ind2=" ">
    <subfield code="a">Ant&#xED;tesis</subfield>
  </datafield>
  <datafield tag="500" ind1=" " ind2=" ">
    <subfield code="a">Ubicaci&#xF3;n: L60-N1</subfield>
  </datafield>
  <datafield tag="505" ind1=" " ind2=" ">
    <subfield code="t">Pr&#xF3;logo / </subfield>
    <subfield code="r">Ana Elena Mallet</subfield>
  </datafield>
  <datafield tag="508" ind1=" " ind2=" ">
    <subfield code="a">La producci&#xF3;n de esta publicaci&#xF3;n no hubiera sido posible sin el generosos apoyo de Comex</subfield>
  </datafield>
  <datafield tag="520" ind1=" " ind2=" ">
    <subfield code="a">Compilaci&#xF3;n de escritos realizados por Clara Porset publicados en medios especializados de Cuba, Estados Unidos y M&#xE9;xico entre 1930 y 1965. En estos documentos ella expres&#xF3; sus ideas y plante&#xF3; los posibles escenarios en los que ella ve&#xED;a el dise&#xF1;o como una herramienta de cambio para mejorar la vida diaria, especialmente entre los estamentos sociales desfavorecidos.</subfield>
  </datafield>
  <datafield tag="600" ind1=" " ind2=" ">
    <subfield code="a">Porset, Clara,</subfield>
    <subfield code="d">1895-1981</subfield>
    <subfield code="9">3389</subfield>
  </datafield>
  <datafield tag="650" ind1=" " ind2=" ">
    <subfield code="a">Artes decorativas</subfield>
    <subfield code="v">Ensayos</subfield>
    <subfield code="z">M&#xE9;xico</subfield>
    <subfield code="9">28399</subfield>
  </datafield>
  <datafield tag="942" ind1=" " ind2=" ">
    <subfield code="2">lcc</subfield>
    <subfield code="c">B</subfield>
  </datafield>
  <datafield tag="999" ind1=" " ind2=" ">
    <subfield code="c">10801</subfield>
    <subfield code="d">10801</subfield>
  </datafield>
  <datafield tag="952" ind1=" " ind2=" ">
    <subfield code="0">0</subfield>
    <subfield code="1">0</subfield>
    <subfield code="2">lcc</subfield>
    <subfield code="4">0</subfield>
    <subfield code="7">0</subfield>
    <subfield code="a">BRCA</subfield>
    <subfield code="b">BRCA</subfield>
    <subfield code="d">2022-07-01</subfield>
    <subfield code="l">0</subfield>
    <subfield code="o">NK1525.55 P67 V53 2020 v.12</subfield>
    <subfield code="p">CONT9955</subfield>
    <subfield code="r">2022-07-01 00:00:00</subfield>
    <subfield code="t">1</subfield>
    <subfield code="w">2022-07-01</subfield>
    <subfield code="y">B</subfield>
  </datafield>
</record>
